[Event "Andalucia-ch U12"]
[Site "Islantilla"]
[Date "2012.04.15"]
[Round "8"]
[White "Jimenez Lozano, Francisco Javier"]
[Black "Pavon Martinez, Alberto"]
[Result "1/2-1/2"]
[WhiteElo "1667"]
[BlackElo "1355"]
[PlyCount "29"]
[EventDate "2012.04.13"]
[EventType "swiss"]
[EventRounds "9"]
[EventCountry "ESP"]
[SourceTitle "CBM 148 Extra"]
[Source "ChessBase"]
[SourceDate "2012.06.22"]
[SourceVersion "1"]
[SourceVersionDate "2012.06.22"]
[SourceQuality "1"]

1. e4 c5 2. Nf3 e6 3. c3 Nc6 4. d4 d6 5. d5 exd5 6. exd5 Nce7 7. Bb5+ Bd7 8. Bxd7+ Qxd7 9. 0-0 Nf6 10. Re1 g6 11. c4 Kd8 12. b3 Bg7 13. Bb2 Re8 14. Nbd2 Nf5 15. Qc2 1/2-1/2